| 000 | 00769nmm a2200253 a 4500 | ||
|---|---|---|---|
| 003 | AR-BaBNM | ||
| 005 | 20251128211413.0 | ||
| 008 | 114020s2004 ||||||||||||||000 | spa|| | ||
| 040 | _cAR-BaBNM | ||
| 100 | 1 | _aPigna, Felipe | |
| 245 | 1 | 0 |
_aLos mitos de la historia argentina _bla construcción de un pasado como justificación del presente, del "descubrimiento" de América a la "independencia" |
| 260 |
_aBuenos Aires _bNorma _c2004 |
||
| 300 | _a424 p. | ||
| 600 | 1 | 4 | _aMoreno, Mariano |
| 600 | 1 | 4 | _aBelgrano, Manuel |
| 600 | 1 | 4 | _aCastelli, Juan José |
| 650 | 4 | _aHISTORIA ARGENTINA | |
| 650 | 4 | _aSEMANA DE MAYO | |
| 650 | 4 | _aINVASIONES INGLESAS | |
| 650 | 4 | _aPERIODO HISPANICO | |
| 650 | 4 | _aINDEPENDENCIA ARGENTINA | |
| 942 | _cBK | ||
| 998 | _cMariana | ||
| 999 |
_c19542 _d19542 |
||